KOHA-Header-6

Shaheed.Ul.Islam Muhammad Zia-Ul.Haq (Record no. 13773)

000 -LEADER
fixed length control field 00295nam a22001217a 4500
020 ## - INTERNATIONAL STANDARD BOOK NUMBER
ISBN 978-1855550056
082 ## - DEWEY DECIMAL CLASSIFICATION NUMBER
Classification number 954
100 ## - MAIN ENTRY--AUTHOR NAME
Personal name Salem Azzam
245 ## - TITLE STATEMENT
Title Shaheed.Ul.Islam Muhammad Zia-Ul.Haq
260 ## - PUBLICATION, DISTRIBUTION, ETC. (IMPRINT)
Place of publication London
Name of publisher Indus Thames Publishers Limited
Year of publication 1990
300 ## - PHYSICAL DESCRIPTION
Number of Pages 240 pages
942 ## - ADDED ENTRY ELEMENTS (KOHA)
Koha item type Books
Holdings
Withdrawn status Lost status Collection code Permanent Location Current Location Shelving location Date acquired Full call number Accession Number Koha item type
    English Literature MAJU MAJU Shelf No.A13 2023-05-29 954 10865 Books

Powered by Koha